Správa budov s umelým rozumom
Na efektívne využívanie budov, najmä z hľadiska úspor, sa kladie stále väčší dôraz. Moderné automatické systémy s podporou umelej inteligencie preto nachádzajú čoraz väčšie uplatnenie aj v oblasti facility manažmentu. Umožňujú získať detailný prehľad a vyhodnotenie pohybu ľudí v budove, optimalizova...
Enregistré dans:
| Auteur principal: | |
|---|---|
| Format: | Chapitre de livre |
| Langue: | slovaque |
| Sujets: | |
| Tags: |
Pas de tags, Soyez le premier à ajouter un tag!
|
MARC
| LEADER | 00000naa a2200000 4500 | ||
|---|---|---|---|
| 001 | 0302840 | ||
| 005 | 20240626113613.2 | ||
| 041 | 0 | |a slo | |
| 044 | |a SK | ||
| 245 | 1 | 0 | |a Správa budov s umelým rozumom |c Vladimír Maťo |
| 520 | |a Na efektívne využívanie budov, najmä z hľadiska úspor, sa kladie stále väčší dôraz. Moderné automatické systémy s podporou umelej inteligencie preto nachádzajú čoraz väčšie uplatnenie aj v oblasti facility manažmentu. Umožňujú získať detailný prehľad a vyhodnotenie pohybu ľudí v budove, optimalizovať schémy údržby a sprehľadniť plánovanie. Úloha tradičných správcov údržby budov sa tým však nevytráca, práve naopak. Profesionáli z oblasti facility manažmentu získavajú nové nástroje, vďaka ktorým môžu svoje úlohy vykonávať ešte zodpovednejšie. | ||
| 610 | 2 | 0 | |a inteligencia umelá |
| 610 | 2 | 0 | |a efektívnosť |
| 610 | 2 | 0 | |a budovy |
| 610 | 2 | 0 | |a facility management |
| 100 | 1 | |a Maťo, Vladimír | |